00576nam a2200145 a 450000100100000000500170001000800410002704000250006808200150009311000540010824501420016226000430030430000200034750000630036700002132420240307073950.0100906s2008 dr 000 0 spa d aDO-SdBNPbspacBNPHU axxxbM533m1 aRepública Dominicana.b Junta Central Electoral10aMemorias del Magistrado Dr. John N. Guilliani Valenzuela, Juez Titular de la Cámara Conteciosa electoral de la Junta Central Electoral. aSanto Domingo :bNurys Paulino,c2008. a75 p. ;c22 cm. aIncluye datos biográficos del autor en la contracubierta